1690 1526 1593 1415 1069 1658 1800 1791 1202 1251 1232 1969 1735 1510 1371 1523 1336 1570 1357 1986 1009 1022 1477 1208 1730 1071 1344 1263 1413 1992 1936 1846 1565 1201 1400 1349 1831 1219 1184 1988 1887 1877 1099 1309 1914 1297 1816 1121 1558 1302 1510 1368 1022 1649 1015 1121 1695 1132 1138 1307 1743 1902 1748 1938 1346 1263 1891 1197 1220 1119 1482 1137 1239 1972 1713 1430 1885 1013 1355 1938 1190 1558 1833 1994 1601 1288 1353 1260 1696 1971 1512 1864 1733 1028 1828 1790 1166 1099 1103 BCNSPRNW ULIB Ver.6.0+V

เปลี่ยนเป็นภาษาไทย

Change to English
 แสดงรายละเอียดบรรณานุกรม
  กลับหน้าหลัก

Brief Record : Get Marc (ISO 2709) : E-mail record : QR code < ปิดหน้าต่าง
LEADER : 00000nam 2200000uu 4500
001    13399124501
003     ULIB
008    020711s2556 th a 000 0 tha d
020    9789749804902
090    นว.^bล158จ ล.พิเศษ
100    ล่อร่า อิงกัลล์ส์ ไวล์เดอร์;^eผู้แต่ง
245    จดหมายจากลอร่า/^cล่อร่า อิงกัลล์ส์ ไวล์เดอร์
250    พิมพ์ครั้งที่ 7
260    กรุงเทพฯ :^bแพรวเยาวชน,^c2556
300    163 หน้า;^b18.5 ซม.
500    หนังสือชุด บ้านเล็ก เล่มพิเศษ
700    ปัณณพร;^eแปล
945    ^p130^l0^i039782
999    ^aทศพร
รายการนี้ยังไม่มีแท็ก
คุณยังไม่ได้ล็อกอิน คุณสามารถมีกิจกรรมร่วมกับเว็บไซต์ได้ แต่ต้องล็อกอินก่อน ::
  ล็อกอิน

รายการสื่อสารสนเทศ

ลำดับที่ ประเภท เลขเรียก/บาร์โค้ด สถานที่ สถานะ
1. นวนิยาย
นวนิยาย
นว. ล158จ ล.พิเศษ ฉ.1 
  Barcode: 039782
ห้องสมุดวิทยาเขตสวรรค์ประชารักษ์
►นวนิยาย
ถูกยืม กำหนดส่งวันที่ 6 มีนาคม 2567
  จอง
Note:หนังสือชุด บ้านเล็ก เล่มพิเศษ

BibComment


ยังไม่เคยถูกคอมเมนท์

คอมเมนท์ทรัพยากรรายการนี้
  คอมเมนท์: จดหมายจากลอร่า ล่..


 Copyright 2026. Bcnsprnw @Library